000 00629cab a2200217 4500
001 WB3413-38
008 090401t1998 xxu||||| |||| 00| 0 eng d
035 _a(Sirsi) u85398
041 _aeng
245 _aBlack Horse agencies sold
260 _c1998
350 _a0
490 _aDaily Telegraph
_v2 April 1998, 29(1)
520 _aLLoyds TSB Group has sold the Black Horse Agencies Group to Bradford and Bingley for £56m.
650 _aBLACK HORSE AGENCIES
650 _aESTATE AGENTS
650 _aGOODWILL
690 _aMANAGEMENT-BUSINESS MANAGEMENT-PROFESSIONAL PRACTICE
942 _n0
948 _c02/04/1998
999 _c53700
_d53700